Normal view
MARC view
- THEORY OF MACHINES - KINEMATICS
Entry Topical Term
001 - CONTROL NUMBER
- control field: 76054
003 - CONTROL NUMBER IDENTIFIER
- control field: NUST
005 - DATE AND TIME OF LATEST TRANSACTION
- control field: 20210628205547.0
008 - FIXED-LENGTH DATA ELEMENTS
- fixed length control field: 210628|| aca||aabn | a|a d
040 ## - CATALOGING SOURCE
- Original cataloging agency: NUST
- Transcribing agency: NUST
150 ## - HEADING--TOPICAL TERM
- Topical term or geographic name entry element: THEORY OF MACHINES - KINEMATICS
670 ## - SOURCE DATA FOUND
- Source citation: Work cat.: (NUST): Ravi, V 76053, Theory of machines - kinematics, 2011
